[Event "España ch-2015 sub-18"]
[Site "Salobrena ESP"]
[Date "2015.07.31"]
[Round "7.35"]
[White "Cruz Fernandez, Sergio"]
[Black "Garcia Gonzalez, Omar"]
[Result "0-1"]
[WhiteElo "1732"]
[BlackElo "1964"]
[PlyCount "94"]
[EventDate "2015.07.27"]
[EventType "swiss"]
[EventRounds "9"]
[EventCountry "ESP"]
[Source "lmi"]
[SourceDate "2015.07.27"]

1. c4 Nf6 2. Nc3 c5 3. e4 Nc6 4. Nge2 e6 5. f4 d6 6. g3 Be7 7. Bg2 a6 8. Rb1
Nd4 9. d3 Rb8 10. O-O b5 11. cxb5 axb5 12. b4 Nxe2+ 13. Nxe2 cxb4 14. e5 dxe5
15. fxe5 Nd5 16. d4 O-O 17. Qd3 Qd7 18. Qf3 Bb7 19. Qg4 f5 20. exf6 Nxf6 21.
Qh3 Bxg2 22. Qxg2 Nd5 23. Rxf8+ Rxf8 24. Qe4 Rc8 25. Qd3 Nc3 26. Nxc3 Rxc3 27.
Qe4 Bf6 28. Bb2 Qxd4+ 29. Qxd4 Bxd4+ 30. Kf1 Rc4 31. Bxd4 Rxd4 32. Ke2 Kf7 33.
Ke3 Rc4 34. Rb2 e5 35. Rb3 Rc3+ 36. Ke4 Rxb3 37. axb3 Ke6 38. g4 g5 39. h3 h6
40. Ke3 Kd5 41. Kd3 e4+ 42. Ke3 Ke5 43. Ke2 Kd4 44. Kd2 e3+ 45. Kc2 Ke4 46. Kc1
Kf3 47. Kd1 Kf2 0-1

[Event "España ch-2015 sub-18"]
[Site "Salobrena ESP"]
[Date "2015.07.31"]
[Round "7.36"]
[White "Sanchez Ruesga, Carlos"]
[Black "Gonzalez Benavides, Pilar"]
[Result "1-0"]
[WhiteElo "1933"]
[BlackElo "1673"]
[PlyCount "79"]
[EventDate "2015.07.27"]
[EventType "swiss"]
[EventRounds "9"]
[EventCountry "ESP"]
[Source "lmi"]
[SourceDate "2015.07.27"]

1. e4 c5 2. Nf3 Nc6 3. d4 cxd4 4. Nxd4 Nf6 5. Nc3 e5 6. Ndb5 d6 7. Bg5 a6 8.
Na3 b5 9. Nd5 Be7 10. Bxf6 Bxf6 11. c3 Bg5 12. Bd3 O-O 13. O-O Be6 14. Nc2 Ne7
15. c4 bxc4 16. Bxc4 Bxd5 17. exd5 Qb6 18. b3 a5 19. a4 f5 20. Kh1 Rac8 21. Qd3
Ng6 22. Rad1 e4 23. Qe2 Ne5 24. Nd4 Nxc4 25. bxc4 Bh6 26. Nc6 Rfe8 27. Rb1 Qc5
28. Rb5 Qa3 29. Rxa5 e3 30. fxe3 Rxe3 31. Qf2 Qd3 32. c5 Qxd5 33. Qxe3 Qxc6 34.
Qe6+ Kh8 35. cxd6 f4 36. Qd5 Qd7 37. Ra8 Qd8 38. Rxc8 Qxc8 39. d7 Qd8 40. Qd1
1-0

[Event "España ch-2015 sub-18"]
[Site "Salobrena ESP"]
[Date "2015.07.31"]
[Round "7.37"]
[White "Rodriguez Garcia, Miguel"]
[Black "Ferreiro Diaz, Miguel"]
[Result "1-0"]
[WhiteElo "1695"]
[BlackElo "1897"]
[PlyCount "73"]
[EventDate "2015.07.27"]
[EventType "swiss"]
[EventRounds "9"]
[EventCountry "ESP"]
[Source "lmi"]
[SourceDate "2015.07.27"]

1. d4 Nf6 2. Nf3 c5 3. d5 b5 4. Bg5 Bb7 5. Bxf6 gxf6 6. e4 Qb6 7. Nc3 a6 8. Rb1
d6 9. b4 Nd7 10. a4 c4 11. Qd4 Qc7 12. axb5 Nb6 13. Nd2 Bh6 14. Nxc4 Nxc4 15.
Qxc4 Qxc4 16. Bxc4 a5 17. bxa5 Rxa5 18. Ke2 Kd7 19. b6 Rc8 20. Bb5+ Kd8 21. Kd3
Bf4 22. Rb3 Be5 23. Ne2 f5 24. f3 fxe4+ 25. fxe4 f5 26. Rf1 e6 27. c4 Ke7 28.
Nd4 Bxd4 29. Kxd4 Ra2 30. Bc6 Ba6 31. b7 Rb8 32. exf5 exd5 33. f6+ Kf8 34. Bxd5
Rd2+ 35. Kc3 Rxd5 36. Ra1 Re5 37. Rxa6 1-0

[Event "España ch-2015 sub-18"]
[Site "Salobrena ESP"]
[Date "2015.07.31"]
[Round "7.38"]
[White "Sebastian Cantarino, Adrian"]
[Black "Arrese-Igor Royuela, Alex"]
[Result "1/2-1/2"]
[WhiteElo "1883"]
[BlackElo "1693"]
[PlyCount "61"]
[EventDate "2015.07.27"]
[EventType "swiss"]
[EventRounds "9"]
[EventCountry "ESP"]
[Source "lmi"]
[SourceDate "2015.07.27"]

1. e4 c5 2. Nf3 Nc6 3. d3 e6 4. g3 a6 5. Bg2 Be7 6. O-O Nf6 7. Nbd2 O-O 8. c3
b5 9. Re1 Bb7 10. Nf1 Qc7 11. Bf4 Qb6 12. Ng5 d6 13. h4 b4 14. Ne3 a5 15. Ng4
e5 16. Nxf6+ Bxf6 17. Be3 g6 18. h5 Qd8 19. Qd2 a4 20. hxg6 hxg6 21. c4 Nd4 22.
Bxd4 Bxg5 23. Be3 Bxe3 24. Qxe3 Kg7 25. Kf1 Rh8 26. Ke2 Qb6 27. Rh1 b3 28. a3
Qc7 29. Rag1 Qe7 30. Qd2 Rag8 31. Qe3 1/2-1/2

[Event "España ch-2015 sub-18"]
[Site "Salobrena ESP"]
[Date "2015.07.31"]
[Round "7.39"]
[White "Garcia Martinez de la Hidalga, Enriq"]
[Black "Tevar Becerra, Alvaro"]
[Result "0-1"]
[WhiteElo "1510"]
[BlackElo "1857"]
[PlyCount "80"]
[EventDate "2015.07.27"]
[EventType "swiss"]
[EventRounds "9"]
[EventCountry "ESP"]
[Source "lmi"]
[SourceDate "2015.07.27"]

1. e4 e5 2. Nf3 Nc6 3. Bc4 g6 4. d4 exd4 5. Nxd4 Bg7 6. Nxc6 bxc6 7. Nc3 Ne7 8.
O-O O-O 9. Bg5 h6 10. Be3 d6 11. Qd2 Kh7 12. Kh1 Be6 13. Bd3 Qd7 14. a3 Rfb8
15. Rab1 d5 16. Bf4 Nc8 17. e5 c5 18. b3 a5 19. h4 Qe7 20. g3 Nb6 21. a4 Nd7
22. Rfe1 Bg4 23. Be2 Bxe2 24. Rxe2 c6 25. Rbe1 Qe6 26. Kh2 Re8 27. Nd1 d4 28.
Nb2 Nb6 29. Nd1 Nd5 30. Nb2 Nc3 31. Nc4 Bf8 32. Nd6 Bxd6 33. exd6 Nxe2 34. d7
Qxd7 35. Rxe2 Rxe2 36. Qxe2 Re8 37. Qc4 Qd5 38. Qf1 Qf3 39. Qc4 Qxf2+ 40. Kh3
Re6 0-1

[Event "España ch-2015 sub-18"]
[Site "Salobrena ESP"]
[Date "2015.07.31"]
[Round "7.40"]
[White "Leonor Velasco, David"]
[Black "Garcia Martin, Guillermo"]
[Result "0-1"]
[WhiteElo "1659"]
[BlackElo "1791"]
[PlyCount "111"]
[EventDate "2015.07.27"]
[EventType "swiss"]
[EventRounds "9"]
[EventCountry "ESP"]
[Source "lmi"]
[SourceDate "2015.07.27"]

1. d4 Nf6 2. Nf3 e6 3. c4 d5 4. Nc3 Be7 5. Bg5 O-O 6. e3 Nbd7 7. Rc1 c6 8. cxd5
exd5 9. Bd3 Re8 10. O-O Nf8 11. Qc2 g6 12. h3 Ne6 13. Bh6 Ng7 14. Bxg7 Kxg7 15.
a3 a5 16. Na4 Bd6 17. Rb1 Nd7 18. Rfc1 Qf6 19. b4 axb4 20. axb4 b5 21. Qxc6
Rxa4 22. Bxb5 Rxb4 23. Rxb4 Bxb4 24. Qxd5 Rd8 25. Rxc8 Rxc8 26. Qxd7 Rc1+ 27.
Bf1 Qa6 28. Nh2 Bd6 29. g3 Qb6 30. Qg4 Qd8 31. Qf3 Qe7 32. Kg2 Rc2 33. Bd3 Rb2
34. Qe4 Qc7 35. Qf3 Bb4 36. Qe4 Be1 37. Ng4 h5 38. Qe5+ Qxe5 39. Nxe5 Rxf2+ 40.
Kg1 Rb2 41. g4 hxg4 42. hxg4 Bf2+ 43. Kf1 Bxe3 44. d5 Bf4 45. Nc4 Rb8 46. Ke2
Rd8 47. Be4 Kf6 48. Kf3 Bc7 49. Nd2 Ke5 50. Ke3 Bb6+ 51. Kf3 Rc8 52. Ke2 Ba5
53. Bf3 Rc2 54. Ke3 Rxd2 55. g5 Rd4 56. Ke2 0-1

[Event "España ch-2015 sub-18"]
[Site "Salobrena ESP"]
[Date "2015.07.31"]
[Round "8.1"]
[White "Garriga Cazorla, Pere"]
[Black "Suarez Gomez, Julio"]
[Result "1/2-1/2"]
[WhiteElo "2461"]
[BlackElo "2400"]
[PlyCount "60"]
[EventDate "2015.07.27"]
[EventType "swiss"]
[EventRounds "9"]
[EventCountry "ESP"]
[Source "lmi"]
[SourceDate "2015.07.27"]

1. d4 e6 2. c4 d5 3. Nc3 Nf6 4. cxd5 exd5 5. Bg5 Be7 6. Qc2 c6 7. e3 Nbd7 8.
Bd3 O-O 9. Nf3 Re8 10. h3 Ne4 11. Bf4 Ndf6 12. O-O Bd6 13. Ne5 Nxc3 14. bxc3 c5
15. f3 Qc7 16. Rae1 g6 17. Bb5 Re6 18. Qd2 Nh5 19. g4 Nxf4 20. exf4 a6 21. Ba4
Re7 22. f5 f6 23. fxg6 fxe5 24. dxe5 Bxe5 25. Qxd5+ Kh8 26. gxh7 Bd7 27. Bxd7
Bxc3 28. Rxe7 Qg3+ 29. Kh1 Qxh3+ 30. Kg1 Qg3+ 1/2-1/2

[Event "España ch-2015 sub-18"]
[Site "Salobrena ESP"]
[Date "2015.07.31"]
[Round "8.2"]
[White "Ribera Cebolla, Marc"]
[Black "Ventura Bolet, Maxim"]
[Result "1-0"]
[WhiteElo "2146"]
[BlackElo "2080"]
[PlyCount "57"]
[EventDate "2015.07.27"]
[EventType "swiss"]
[EventRounds "9"]
[EventCountry "ESP"]
[Source "lmi"]
[SourceDate "2015.07.27"]

1. e4 c5 2. Nf3 e6 3. d4 cxd4 4. Nxd4 a6 5. Nc3 Qc7 6. Bd3 Nc6 7. Nxc6 dxc6 8.
O-O e5 9. f4 Bc5+ 10. Kh1 Nf6 11. Qf3 Bd6 12. f5 b5 13. a4 Bb7 14. Be3 b4 15.
Nb1 Qe7 16. Nd2 Bc5 17. Bg5 Qc7 18. Nc4 a5 19. Rac1 Nd7 20. Bd2 Nb6 21. Qg3 f6
22. Be3 Bxe3 23. Qxe3 Nd7 24. c3 O-O 25. Rfd1 Rfd8 26. Be2 Ba6 27. cxb4 axb4
28. Nd6 Bxe2 29. Qb3+ 1-0

[Event "España ch-2015 sub-18"]
[Site "Salobrena ESP"]
[Date "2015.07.31"]
[Round "8.3"]
[White "Rubio Tent, Francisco"]
[Black "Santos Ruiz, Miguel"]
[Result "1/2-1/2"]
[WhiteElo "2275"]
[BlackElo "2329"]
[PlyCount "60"]
[EventDate "2015.07.27"]
[EventType "swiss"]
[EventRounds "9"]
[EventCountry "ESP"]
[Source "lmi"]
[SourceDate "2015.07.27"]

1. e4 c5 2. Nf3 Nc6 3. d4 cxd4 4. Nxd4 Nf6 5. Nc3 d6 6. Be2 g6 7. O-O Bg7 8.
Nb3 O-O 9. Re1 Be6 10. Bg5 Nd7 11. Qd2 Nb6 12. Bh6 Nc4 13. Bxc4 Bxc4 14. Bxg7
Kxg7 15. Nd5 Bxb3 16. axb3 e6 17. Ne3 Qe7 18. Red1 Rfd8 19. c3 a5 20. Qe2 Qg5
21. Rd2 b5 22. Rad1 Qc5 23. Nc2 d5 24. exd5 Rxd5 25. Rxd5 exd5 26. Nd4 b4 27.
Nxc6 Qxc6 28. Qe5+ Kg8 29. h3 bxc3 30. bxc3 Re8 1/2-1/2

[Event "España ch-2015 sub-18"]
[Site "Salobrena ESP"]
[Date "2015.07.31"]
[Round "8.4"]
[White "Abal Cores, Lucas"]
[Black "Buendia Pinar, Alvaro"]
[Result "1-0"]
[WhiteElo "2373"]
[BlackElo "2134"]
[PlyCount "93"]
[EventDate "2015.07.27"]
[EventType "swiss"]
[EventRounds "9"]
[EventCountry "ESP"]
[Source "lmi"]
[SourceDate "2015.07.27"]

1. e4 c6 2. d4 d5 3. exd5 cxd5 4. c4 Nf6 5. Nc3 Nc6 6. Nf3 Bg4 7. cxd5 Nxd5 8.
Qb3 Bxf3 9. gxf3 e6 10. Qxb7 Nxd4 11. Bb5+ Nxb5 12. Qc6+ Ke7 13. Qxb5 Qd7 14.
Nxd5+ Qxd5 15. Qxd5 exd5 16. Be3 Ke6 17. O-O-O Bb4 18. a3 Rac8+ 19. Kb1 Bc5 20.
Rd3 Bxe3 21. fxe3 Rc5 22. b4 Rb5 23. Kb2 a5 24. Kb3 axb4 25. axb4 Rhb8 26. Rd4
f5 27. Ra1 R8b7 28. Ra6+ R7b6 29. Ra2 Rb7 30. Rc2 R5b6 31. Rc5 g5 32. Ka4 Ra6+
33. Ra5 Rxa5+ 34. bxa5 Rb1 35. a6 h5 36. Ka5 Rb8 37. a7 Rg8 38. Rb4 Ra8 39. Kb6
g4 40. fxg4 fxg4 41. Kb7 Rg8 42. a8=Q Rxa8 43. Kxa8 Kf5 44. Rd4 h4 45. Rxd5+
Ke4 46. Rd4+ Kf3 47. Rf4+ 1-0

[Event "España ch-2015 sub-18"]
[Site "Salobrena ESP"]
[Date "2015.07.31"]
[Round "8.5"]
[White "Navarrete Espi, Samuel"]
[Black "Buiza Prieto, Eihartze"]
[Result "1-0"]
[WhiteElo "2329"]
[BlackElo "2095"]
[PlyCount "73"]
[EventDate "2015.07.27"]
[EventType "swiss"]
[EventRounds "9"]
[EventCountry "ESP"]
[Source "lmi"]
[SourceDate "2015.07.27"]

1. e4 c5 2. Nf3 d6 3. d4 cxd4 4. Nxd4 Nf6 5. Nc3 Nc6 6. Be3 Ng4 7. Bb5 Nxe3 8.
fxe3 Bd7 9. O-O e6 10. Bxc6 bxc6 11. e5 Be7 12. exd6 Bxd6 13. Nf3 Qc7 14. Qd4
e5 15. Qe4 O-O-O 16. Ng5 f5 17. Qc4 Rhf8 18. Nf7 e4 19. Nxd6+ Qxd6 20. Nb5 Qb8
21. a4 Rf6 22. Ra3 Kb7 23. Nd4 Ka8 24. b4 Rh6 25. g3 Rg6 26. Kg2 h5 27. b5 h4
28. bxc6 Qc7 29. Nb5 Qxc6 30. Qd5 Rc8 31. Qd4 Qxc2+ 32. Rf2 h3+ 33. Kg1 Qc1+
34. Rf1 Rxg3+ 35. hxg3 h2+ 36. Kxh2 Rc2+ 37. Kg1 1-0

[Event "España ch-2015 sub-18"]
[Site "Salobrena ESP"]
[Date "2015.07.31"]
[Round "8.6"]
[White "Garcia Martin, Marta"]
[Black "Balbuena Fuentes, Mario"]
[Result "1/2-1/2"]
[WhiteElo "2166"]
[BlackElo "2265"]
[PlyCount "136"]
[EventDate "2015.07.27"]
[EventType "swiss"]
[EventRounds "9"]
[EventCountry "ESP"]
[Source "lmi"]
[SourceDate "2015.07.27"]

1. e4 e6 2. d4 d5 3. Nd2 Nf6 4. e5 Nfd7 5. f4 c5 6. Ngf3 Nc6 7. Nb3 Be7 8. Be2
O-O 9. Be3 cxd4 10. Nfxd4 Nxd4 11. Bxd4 Qc7 12. O-O Nc5 13. Rc1 Bd7 14. c4 Nxb3
15. Qxb3 Bc5 16. Qe3 Bxd4 17. Qxd4 dxc4 18. Rxc4 Qb6 19. Qxb6 axb6 20. Rd4 Bc6
21. a3 b5 22. Bf3 Rfd8 23. Rxd8+ Rxd8 24. Bxc6 bxc6 25. Rc1 Kf8 26. b4 Rc8 27.
Kf2 Ke7 28. g4 g6 29. g5 Kd7 30. Rc3 Kc7 31. Rh3 Rh8 32. Ke3 Kb6 33. Kd4 Rd8+
34. Kc3 Rh8 35. Rh6 c5 36. h4 Kc6 37. h5 Kd5 38. bxc5 Kxc5 39. Kd3 Kd5 40. Ke3
Kc4 41. Ke4 Kb3 42. hxg6 fxg6 43. Rh3+ Kc4 44. Rh1 Kb3 45. Rb1+ Kc4 46. Rc1+
Kb3 47. Rc6 Re8 48. Ra6 Kc4 49. Ra7 Kb3 50. Ra5 Kc4 51. Ra6 Re7 52. Rc6+ Kb3
53. Rb6 Kc4 54. Ra6 Kc3 55. Rd6 Kb3 56. Kd4 Kxa3 57. Kc5 b4 58. Ra6+ Kb3 59.
Rb6 Rc7+ 60. Kd6 Rf7 61. Kxe6 Rxf4 62. Kd7 Rd4+ 63. Ke7 Rg4 64. Kf6 Rf4+ 65.
Kg7 Rf5 66. e6 Rxg5 67. Kxh7 Rg1 68. Kg7 Re1 1/2-1/2

[Event "España ch-2015 sub-18"]
[Site "Salobrena ESP"]
[Date "2015.07.31"]
[Round "8.7"]
[White "Portela Peleteiro, Alberto"]
[Black "Martin Garcia, Guillermo"]
[Result "1-0"]
[WhiteElo "2105"]
[BlackElo "2240"]
[PlyCount "67"]
[EventDate "2015.07.27"]
[EventType "swiss"]
[EventRounds "9"]
[EventCountry "ESP"]
[Source "lmi"]
[SourceDate "2015.07.27"]

1. e4 e5 2. Nf3 Nc6 3. Nc3 Nf6 4. d4 exd4 5. Nxd4 Bb4 6. Nxc6 bxc6 7. Bd3 d5 8.
exd5 cxd5 9. O-O O-O 10. Bg5 c6 11. Qf3 Be7 12. Rae1 Rb8 13. Ne2 Ng4 14. Bf4
Bd6 15. h3 Nf6 16. b3 Bxf4 17. Qxf4 Rb6 18. Ng3 c5 19. Nf5 Bxf5 20. Qxf5 Qc7
21. c4 d4 22. Re5 Rc6 23. Rfe1 g6 24. Qf3 Nd7 25. Re7 Qd6 26. Qg4 Nf6 27. Qh4
Ra6 28. Bb1 Kg7 29. Qg5 Ra8 30. g3 Rc6 31. Bf5 h6 32. Qxg6+ Kh8 33. Rxf7 Rf8
34. Qg7# 1-0

[Event "España ch-2015 sub-18"]
[Site "Salobrena ESP"]
[Date "2015.07.31"]
[Round "8.8"]
[White "Porta Tovar, Oriol"]
[Black "Shen, Yue"]
[Result "1-0"]
[WhiteElo "2084"]
[BlackElo "2248"]
[PlyCount "81"]
[EventDate "2015.07.27"]
[EventType "swiss"]
[EventRounds "9"]
[EventCountry "ESP"]
[Source "lmi"]
[SourceDate "2015.07.27"]

1. e4 c5 2. Nf3 d6 3. d4 cxd4 4. Nxd4 Nf6 5. f3 a6 6. c4 e6 7. Nc3 Be7 8. Be2
O-O 9. Be3 b6 10. O-O Bb7 11. Qd2 Nbd7 12. Rac1 Rc8 13. Rfd1 Qc7 14. Qe1 Qb8
15. Qf2 Rfe8 16. Nc2 Bf8 17. Na4 d5 18. Nxb6 Nxb6 19. Bxb6 dxe4 20. f4 Qa8 21.
Be3 a5 22. Nd4 e5 23. Nb5 exf4 24. Qxf4 Red8 25. Nd6 Rb8 26. Nxb7 Qxb7 27. Rxd8
Rxd8 28. Qe5 Re8 29. Qc3 Qc7 30. Rd1 Bd6 31. g3 Rc8 32. c5 Bf8 33. a3 Qc6 34.
Qc4 Nd7 35. b4 Qa4 36. Qa6 Rc7 37. Bf4 Nxc5 38. bxc5 Rxc5 39. Rd8 Qxa3 40.
Rxf8+ Kxf8 41. Qd6+ 1-0

[Event "España ch-2015 sub-18"]
[Site "Salobrena ESP"]
[Date "2015.07.31"]
[Round "8.9"]
[White "Perez Tores, Juan Miguel"]
[Black "Marchena Hurtado, Javier"]
[Result "1/2-1/2"]
[WhiteElo "2129"]
[BlackElo "2294"]
[PlyCount "166"]
[EventDate "2015.07.27"]
[EventType "swiss"]
[EventRounds "9"]
[EventCountry "ESP"]
[Source "lmi"]
[SourceDate "2015.07.27"]

1. e4 c6 2. Nc3 d5 3. d4 dxe4 4. Nxe4 Bf5 5. Qf3 e6 6. Ne2 Nd7 7. N2g3 Bg6 8.
Qb3 Qb6 9. Bd3 Ngf6 10. O-O Be7 11. Nxf6+ Nxf6 12. Bxg6 hxg6 13. Qxb6 axb6 14.
Bg5 Ra5 15. Bxf6 Bxf6 16. Rfd1 O-O 17. Ne4 Be7 18. a3 Rd8 19. Rd3 b5 20. Nd2
Ra4 21. Nb3 b6 22. Rad1 Bf6 23. c3 Ra7 24. Kf1 Rad7 25. Ke2 Rd5 26. h3 Kf8 27.
Na1 Ke7 28. Nc2 Rh5 29. Ne3 Bg5 30. Ng4 Bf4 31. Ra1 Ra8 32. Rad1 Bd6 33. Kf1
Rf5 34. Ke2 f6 35. Ne3 Rh5 36. Kd2 g5 37. Ng4 Kf7 38. Kc2 Bf4 39. Kb3 Rhh8 40.
Rf3 Ke7 41. Rfd3 Rhd8 42. Kc2 Ra7 43. Re1 Rad7 44. g3 Bb8 45. Rde3 Rd6 46. Rd3
Kf7 47. Red1 Rh8 48. Rh1 Rh5 49. Rf3 Rd5 50. Re3 Rd8 51. h4 gxh4 52. Rxh4 Rxh4
53. gxh4 Rh8 54. Rh3 Rh5 55. Ne3 g5 56. Ng2 f5 57. Rd3 g4 58. f4 Bd6 59. Rd1
Rh8 60. Ra1 Ra8 61. Kd3 Be7 62. Rh1 Rh8 63. h5 Bd6 64. Rh2 Kg7 65. Rh1 Kh6 66.
Re1 Re8 67. Nh4 Re7 68. Ng6 Re8 69. Nh4 Bxf4 70. Nxf5+ Kg5 71. Ng7 Re7 72.
Nxe6+ Kf6 73. Rf1 Rxe6 74. Rxf4+ Kg5 75. Rf1 Kxh5 76. b3 g3 77. c4 bxc4+ 78.
bxc4 Kg4 79. d5 cxd5 80. cxd5 Re8 81. Kc4 Rd8 82. Rf6 g2 83. Rxb6 Kf3 1/2-1/2

[Event "España ch-2015 sub-18"]
[Site "Salobrena ESP"]
[Date "2015.07.31"]
[Round "8.10"]
[White "Gomez Dieguez, Adrian"]
[Black "Ponce Cano, Adrian"]
[Result "1/2-1/2"]
[WhiteElo "2124"]
[BlackElo "2183"]
[PlyCount "62"]
[EventDate "2015.07.27"]
[EventType "swiss"]
[EventRounds "9"]
[EventCountry "ESP"]
[Source "lmi"]
[SourceDate "2015.07.27"]

1. b3 d5 2. Bb2 c5 3. e3 Nc6 4. f4 Nf6 5. Nf3 Bg4 6. Bb5 Rc8 7. O-O g6 8. Qe1
Bxf3 9. Rxf3 Bg7 10. d3 O-O 11. Bxc6 Rxc6 12. Nd2 Nh5 13. Bxg7 Nxg7 14. Rh3 e6
15. Nf3 Qe7 16. g4 h5 17. Qg3 hxg4 18. Qxg4 Qf6 19. Ne5 Rcc8 20. Rf1 Rfd8 21.
Qg5 Ne8 22. Qg3 Qg7 23. Kh1 Nf6 24. Rg1 Kf8 25. Qg5 Ke8 26. Rh6 Ng8 27. Rh3 Nf6
28. Rh6 Ng8 29. Rh4 Nf6 30. Rg3 Nh7 31. Qg4 Nf6 1/2-1/2

[Event "España ch-2015 sub-18"]
[Site "Salobrena ESP"]
[Date "2015.07.31"]
[Round "8.11"]
[White "Ruperez Benito, Antonio"]
[Black "Garcia Martinez, Marcos"]
[Result "1/2-1/2"]
[WhiteElo "2148"]
[BlackElo "2044"]
[PlyCount "61"]
[EventDate "2015.07.27"]
[EventType "swiss"]
[EventRounds "9"]
[EventCountry "ESP"]
[Source "lmi"]
[SourceDate "2015.07.27"]

1. e4 e6 2. b3 d5 3. Bb2 Nf6 4. e5 Nfd7 5. Qg4 c5 6. f4 Nc6 7. Nf3 Qc7 8. Be2
f5 9. Qg3 a6 10. Ng5 Nb6 11. Nxh7 Qf7 12. Nxf8 Qxf8 13. d3 Bd7 14. Nd2 Nb4 15.
Bd1 d4 16. Nc4 Nxc4 17. dxc4 O-O-O 18. a3 Nc6 19. Bf3 Nb8 20. O-O-O Bc6 21. c3
Bxf3 22. Qxf3 Nc6 23. cxd4 cxd4 24. Rd3 g5 25. g3 Rh3 26. Kb1 gxf4 27. Qxf4 Qc5
28. Qf2 Qxe5 29. Re1 Qf6 30. Red1 e5 31. Bc1 1/2-1/2

[Event "España ch-2015 sub-18"]
[Site "Salobrena ESP"]
[Date "2015.07.31"]
[Round "8.12"]
[White "Bernabeu Lopez, Carlos Javier"]
[Black "Perez Pacheco, Ricardo"]
[Result "1-0"]
[WhiteElo "2142"]
[BlackElo "2033"]
[PlyCount "81"]
[EventDate "2015.07.27"]
[EventType "swiss"]
[EventRounds "9"]
[EventCountry "ESP"]
[Source "lmi"]
[SourceDate "2015.07.27"]

1. e4 c5 2. Nf3 Nc6 3. Bb5 g6 4. O-O Bg7 5. Re1 Nf6 6. Nc3 d6 7. e5 dxe5 8.
Nxe5 Bd7 9. Bxc6 Bxc6 10. Nxc6 bxc6 11. Qf3 Rc8 12. Qe3 Qd6 13. Ne4 Nxe4 14.
Qxe4 e6 15. d3 Qd5 16. Qa4 O-O 17. Rb1 Rb8 18. b3 Bc3 19. Re4 a5 20. Qc4 Bd4
21. Bd2 Qxc4 22. dxc4 Ra8 23. a4 Rfd8 24. Bf4 Ra7 25. Kf1 Kf8 26. Rd1 Rad7 27.
Rd3 Ke7 28. Re1 Bf6 29. Rxd7+ Rxd7 30. Ke2 Bd4 31. Rd1 f6 32. Bd2 Ra7 33. f4 f5
34. c3 Bf6 35. Be3 Rb7 36. Bxc5+ Kf7 37. b4 Bxc3 38. b5 cxb5 39. cxb5 Rc7 40.
b6 Rb7 41. Kd3 1-0

[Event "España ch-2015 sub-18"]
[Site "Salobrena ESP"]
[Date "2015.07.31"]
[Round "8.13"]
[White "Martin Iribar, Ander"]
[Black "Mari Copa, Adria"]
[Result "1-0"]
[WhiteElo "1935"]
[BlackElo "2136"]
[PlyCount "110"]
[EventDate "2015.07.27"]
[EventType "swiss"]
[EventRounds "9"]
[EventCountry "ESP"]
[Source "lmi"]
[SourceDate "2015.07.27"]

1. d4 d5 2. c4 c6 3. Nf3 Nf6 4. Qc2 e6 5. g3 Nbd7 6. Bg2 dxc4 7. Qxc4 Bd6 8.
O-O O-O 9. Nc3 Qe7 10. Rd1 h6 11. Bf4 Bxf4 12. gxf4 Nd5 13. e3 N7b6 14. Qd3 Qb4
15. Rab1 Nxc3 16. Qxc3 Qxc3 17. bxc3 Rd8 18. Ne5 Nd5 19. Rb3 g5 20. fxg5 hxg5
21. Rdb1 f6 22. Nd3 b6 23. a4 Ba6 24. Nb4 Nxb4 25. cxb4 Rac8 26. Rc3 b5 27.
Rxc6 Rxc6 28. Bxc6 bxa4 29. Bxa4 Kf7 30. Rc1 Rc8 31. Rc5 Rxc5 32. dxc5 e5 33.
b5 Bc8 34. Bb3+ Ke7 35. Bd5 Kd7 36. b6 axb6 37. cxb6 Ba6 38. Kg2 Kd6 39. e4 Be2
40. Kg3 g4 41. b7 Kc7 42. f4 gxf3 43. Kf2 Bb5 44. Kxf3 Be8 45. Kg4 Bg6 46. h4
Bh7 47. Kh5 f5 48. Kh6 fxe4 49. Kxh7 e3 50. Bc4 Kxb7 51. Kg6 Kc6 52. Be2 Kd5
53. Kf5 e4 54. h5 Kd6 55. h6 Kd5 1-0

[Event "España ch-2015 sub-18"]
[Site "Salobrena ESP"]
[Date "2015.07.31"]
[Round "8.14"]
[White "Sanchez Vigon, David"]
[Black "Bustos Bernardo, Samuel"]
[Result "1-0"]
[WhiteElo "2201"]
[BlackElo "1917"]
[PlyCount "81"]
[EventDate "2015.07.27"]
[EventType "swiss"]
[EventRounds "9"]
[EventCountry "ESP"]
[Source "lmi"]
[SourceDate "2015.07.27"]

1. e4 e6 2. d4 d5 3. Nc3 dxe4 4. Nxe4 Bd7 5. Nf3 Bc6 6. Bd3 Nd7 7. O-O Ngf6 8.
Neg5 Bd6 9. Re1 h6 10. Nh3 Bxf3 11. Qxf3 c6 12. Nf4 O-O 13. Nh5 Nxh5 14. Qxh5
Nf6 15. Qf3 Re8 16. Rd1 Be7 17. b3 Qd5 18. Qxd5 Nxd5 19. c4 Nf6 20. Bb2 Red8
21. Be2 Rd7 22. Rd3 Rad8 23. Rad1 Nh7 24. Bc1 Bd6 25. Be3 Bb8 26. h4 Nf6 27. g3
Kf8 28. Kg2 Kg8 29. g4 Kf8 30. g5 hxg5 31. hxg5 Ng8 32. Bf3 Ne7 33. Be4 g6 34.
Bc1 Bc7 35. Kf3 Bb6 36. Bb2 Nf5 37. d5 cxd5 38. cxd5 exd5 39. Bxf5 gxf5 40. Bf6
Rc8 41. Rh1 1-0

[Event "España ch-2015 sub-18"]
[Site "Salobrena ESP"]
[Date "2015.07.31"]
[Round "8.15"]
[White "Fernandez Cano, Victor"]
[Black "Esquivias Quintero, Luis Manuel"]
[Result "1/2-1/2"]
[WhiteElo "1956"]
[BlackElo "2134"]
[PlyCount "81"]
[EventDate "2015.07.27"]
[EventType "swiss"]
[EventRounds "9"]
[EventCountry "ESP"]
[Source "lmi"]
[SourceDate "2015.07.27"]

1. d4 Nf6 2. c4 c5 3. Nf3 cxd4 4. Nxd4 e5 5. Nc2 d5 6. cxd5 Qxd5 7. Qxd5 Nxd5
8. e4 Nf6 9. Nc3 Be6 10. Bg5 Be7 11. Be2 h6 12. Be3 Nbd7 13. f3 a6 14. Kf2 O-O
15. Rhd1 Rfd8 16. Ne1 Rac8 17. Nd3 Nh5 18. g3 Bg5 19. Bxg5 hxg5 20. f4 Nhf6 21.
fxg5 Rxc3 22. gxf6 Rc2 23. fxg7 Bg4 24. Re1 Nc5 25. Nxe5 Nxe4+ 26. Ke3 Bxe2 27.
Rxe2 Rxe2+ 28. Kxe2 Re8 29. Ng4 Nf6+ 30. Kf3 Nxg4 31. Kxg4 Re2 32. h4 Rxb2 33.
a4 Kxg7 34. Kg5 Rd2 35. a5 Rd5+ 36. Kg4 Kg6 37. Ra4 Rb5 38. Kf4 f5 39. Ra3 Kh5
40. Kf3 Kg6 41. Kf4 1/2-1/2

[Event "España ch-2015 sub-18"]
[Site "Salobrena ESP"]
[Date "2015.07.31"]
[Round "8.16"]
[White "Guerra Arrocha, Daniel"]
[Black "Pozanco Romasanta, Marc"]
[Result "1-0"]
[WhiteElo "1989"]
[BlackElo "2121"]
[PlyCount "63"]
[EventDate "2015.07.27"]
[EventType "swiss"]
[EventRounds "9"]
[EventCountry "ESP"]
[Source "lmi"]
[SourceDate "2015.07.27"]

1. e4 c6 2. d4 d5 3. e5 Bf5 4. h4 h6 5. g4 Bh7 6. e6 fxe6 7. Bd3 g6 8. Nf3 Bg7
9. h5 gxh5 10. Bxh7 Rxh7 11. Qd3 Nf6 12. Ne5 Kf8 13. g5 hxg5 14. Bxg5 Kg8 15.
Qh3 Qc8 16. Nc3 c5 17. Bxf6 exf6 18. Nxd5 Qe8 19. Nc7 Qe7 20. Nxa8 fxe5 21.
dxe5 Bxe5 22. O-O-O Nc6 23. Rhg1+ Kh8 24. Rg6 Nd4 25. c3 Qf7 26. Qd3 Qf4+ 27.
Kb1 Rd7 28. Rdg1 Qf5 29. Rh6+ Rh7 30. Qxf5 Nxf5 31. Rxe6 Rg7 32. Rh1 1-0

[Event "España ch-2015 sub-18"]
[Site "Salobrena ESP"]
[Date "2015.07.31"]
[Round "8.17"]
[White "Olivares Romero, Sara"]
[Black "Aymerich Verdaguer, Eduard"]
[Result "0-1"]
[WhiteElo "1954"]
[BlackElo "2091"]
[PlyCount "52"]
[EventDate "2015.07.27"]
[EventType "swiss"]
[EventRounds "9"]
[EventCountry "ESP"]
[Source "lmi"]
[SourceDate "2015.07.27"]

1. e4 c5 2. Nf3 e6 3. c3 Nf6 4. e5 Nd5 5. d4 cxd4 6. cxd4 b6 7. Nc3 Nxc3 8.
bxc3 Qc7 9. Bd2 d6 10. Bd3 Nd7 11. Qe2 Bb7 12. O-O dxe5 13. Nxe5 Nxe5 14. dxe5
Bc5 15. Rad1 O-O 16. Rfe1 Rfd8 17. Bb1 Be7 18. Qg4 g6 19. h4 Rac8 20. h5 Qc4
21. Qg3 Qh4 22. hxg6 hxg6 23. Qe3 Qg4 24. g3 Bf3 25. Rc1 Qh5 26. Qh6 Rxd2 0-1